00370nam a2200133Ia 450000500170000000800410001702000150005808200130007310000180008624500800010426000300018430000120021465000100022620241015043240.0240331s9999 xx 000 0 und d a3875124065 bRANa820 aRanasinghe, A 0aDu Fragst Mich, Warum Ich Gedichte Schreibe :byou ask me why i write poems aUSAbTriton Collegec1994 a71 p ., aPoems